000 00322nam a22001457a 4500
020 _a81-85680-88-4
041 _aENG
100 _aSingh.D.K
245 _aHI-Tech Horticulture
250 _a1st
260 _aUdaipur
_bAgrotech Publshing Academy
_c2004
300 _a672
650 _aHorticulture
856 _uM.Tech ( 7 )
999 _c1075
_d1075